000 00679nam a22001937a 4500
005 20240708110431.0
010 _aENG-140781
020 _c350.00
_a9788193342671
035 _aEN-124313
037 _bDBAD
082 _a362.4
_21
100 _aPrabavathy, .M
_968193
245 _aAchievements Of And Innovations For Persons with Disabilities/
_cEd. by M. Prabavathy And Pon. Kathiresan,
260 _aTiruchirappalli
_bRaja Publications
_c2017
270 _bTiruchirappalli
_aNo.10,Upstairs, Ibrahim Nagar, kajamalai, Tiruchirappalli
_e620023
_k9600535241
300 _a398p.
_c24cm(pbk)
700 _aRani, D Shobha
_968194
942 _2ddc
_cEN
_h621.3
_mSRI
999 _c203983
_d203983